[Event "Anapa Rapid op"]
[Site "Anapa"]
[Date "2023.10.03"]
[Round "1"]
[White "Panakhova, Elena"]
[Black "Afanasiev, Nikita"]
[Result "0-1"]
[WhiteElo "1837"]
[BlackElo "2533"]
[PlyCount "54"]
[EventDate "2023.10.03"]
[EventType "swiss (rapid)"]
[EventRounds "11"]
[EventCountry "RUS"]
[SourceTitle "Mega2024 Update 01"]
[Source "Chessbase"]
[SourceDate "2023.11.12"]
[SourceVersion "1"]
[SourceVersionDate "2023.11.12"]
[SourceQuality "1"]

1. e4 g6 2. d4 Bg7 3. Nc3 d6 4. Be3 a6 5. h4 h6 6. h5 g5 7. f4 gxf4 8. Bxf4 b5 9. Qf3 Nc6 10. d5 b4 11. dxc6 bxc3 12. b3 Nf6 13. Qg3 Rg8 14. e5 Ne4 15. Qe3 Bf5 16. Nf3 dxe5 17. Rd1 Qc8 18. Bxe5 Bxe5 19. Nxe5 Qe6 20. Qd4 Nd2 21. Qd7+ Kf8 22. Qxe6 Bxe6 23. Rh4 Rd8 24. Ke2 Rg5 25. Nf3 Bg4 26. Rxg4 Rxg4 27. Nxd2 Rgd4 0-1

[Event "Yalta Yialos Rapid op"]
[Site "Yalta"]
[Date "2023.08.26"]
[Round "7"]
[White "Panakhova, Elena"]
[Black "Tomilova, Elena"]
[Result "0-1"]
[WhiteElo "1837"]
[BlackElo "2209"]
[PlyCount "60"]
[EventDate "2023.08.25"]
[EventType "swiss (rapid)"]
[EventRounds "11"]
[EventCountry "UKR"]
[SourceTitle "EXT 2024"]
[Source "ChessBase"]
[SourceDate "2023.10.10"]
[SourceVersion "1"]
[SourceVersionDate "2023.10.10"]
[SourceQuality "1"]

1. e4 e6 2. d3 d5 3. Nd2 Nf6 4. Ngf3 c5 5. g3 Nc6 6. Bg2 Be7 7. 0-0 b6 8. Re1 Bb7 9. Qe2 Qc7 10. Nf1 d4 11. e5 Nd5 12. Bd2 h6 13. c3 dxc3 14. bxc3 g5 15. h3 0-0-0 16. d4 Kb8 17. a3 cxd4 18. cxd4 Rhg8 19. Ne3 Nf4 20. gxf4 gxf4 21. Ng4 h5 22. d5 hxg4 23. d6 Bxd6 24. exd6 Qxd6 25. hxg4 Rxg4 26. Nh2 Rxg2+ 27. Kxg2 Nd4+ 28. Qe4 Bxe4+ 29. Rxe4 e5 30. Bb4 Qg6+ 0-1

[Event "Yalta Yialos op"]
[Site "Yalta"]
[Date "2023.08.20"]
[Round "5"]
[White "Khasangatina, Kamilla"]
[Black "Panakhova, Elena"]
[Result "0-1"]
[WhiteElo "1088"]
[BlackElo "1837"]
[PlyCount "54"]
[EventDate "2023.08.16"]
[EventType "swiss"]
[EventRounds "9"]
[EventCountry "UKR"]
[SourceTitle "EXT 2024"]
[Source "ChessBase"]
[SourceDate "2023.10.10"]
[SourceVersion "1"]
[SourceVersionDate "2023.10.10"]
[SourceQuality "1"]

1. c4 e6 2. Nc3 d5 3. cxd5 exd5 4. d4 c6 5. Bf4 Nf6 6. e3 Bf5 7. Bd3 Bxd3 8. Qxd3 Bd6 9. Bxd6 Qxd6 10. Nge2 Nbd7 11. h3 0-0 12. 0-0 Rfe8 13. Ng3 Re6 14. Rfe1 Rae8 15. Nce2 g6 16. Nf4 R6e7 17. Qb3 Nf8 18. a4 Ne6 19. Nd3 Ne4 20. Nxe4 dxe4 21. Ne5 h5 22. Qa3 Qd5 23. Qa2 Kg7 24. f3 f6 25. Nc4 exf3 26. b3 Nxd4 27. e4 Rxe4 0-1

[Event "Yalta Yialos op"]
[Site "Yalta"]
[Date "2023.08.19"]
[Round "4"]
[White "Panakhova, Elena"]
[Black "Budyonny, Fedor"]
[Result "0-1"]
[WhiteElo "1837"]
[BlackElo "1171"]
[PlyCount "86"]
[EventDate "2023.08.16"]
[EventType "swiss"]
[EventRounds "9"]
[EventCountry "UKR"]
[SourceTitle "EXT 2024"]
[Source "ChessBase"]
[SourceDate "2023.10.10"]
[SourceVersion "1"]
[SourceVersionDate "2023.10.10"]
[SourceQuality "1"]

1. e4 c6 2. d4 d5 3. Nc3 dxe4 4. Nxe4 Nd7 5. Bd3 Ngf6 6. Ng5 e6 7. N1f3 Be7 8. Nxf7 Kxf7 9. Ng5+ Kg8 10. Nxe6 Qb6 11. 0-0 Nf8 12. Ng5 Ng6 13. Qe2 Qd8 14. Re1 Kf8 15. Bc4 Nd5 16. Qf3+ Bf6 17. b3 Nh4 18. Qh5 g6 19. Qh6+ Kg8 20. Qxh4 h6 21. Qg3 hxg5 22. a4 Bf5 23. Ba3 Kg7 24. a5 Qd7 25. Bc5 a6 26. Bxd5 cxd5 27. Qc3 Rhe8 28. Qb4 Bxc2 29. Rec1 Bf5 30. Bd6 Rac8 31. Qb6 Rc6 32. Rxc6 Qxc6 33. Qb4 Kf7 34. Bc5 Qb5 35. Qc3 Rc8 36. g4 Rxc5 37. Qxc5 Qxc5 38. dxc5 Bxa1 39. gxf5 gxf5 40. b4 Bc3 41. b5 axb5 42. c6 bxc6 43. a6 Bd4 0-1

[Event "Novorossiysk Small Land Rapid op"]
[Site "Novorossiysk"]
[Date "2023.07.27"]
[Round "5"]
[White "Panakhova, Elena"]
[Black "Vastrukhin, Oleg"]
[Result "0-1"]
[WhiteElo "1910"]
[BlackElo "2343"]
[PlyCount "40"]
[EventDate "2023.07.26"]
[EventType "swiss (rapid)"]
[EventRounds "11"]
[EventCountry "RUS"]
[SourceTitle "CBM 215 Extra"]
[Source "ChessBase"]
[SourceDate "2023.09.30"]
[SourceVersion "1"]
[SourceVersionDate "2023.09.30"]
[SourceQuality "1"]

1. e4 g6 2. d4 Bg7 3. Nc3 a6 4. Be3 b5 5. Qd2 Bb7 6. f3 d6 7. h4 h5 8. Bd3 Nd7 9. Nge2 c5 10. dxc5 Nxc5 11. 0-0-0 Rc8 12. Kb1 Nf6 13. e5 Nfd7 14. exd6 exd6 15. Bg5 Qb6 16. Rhe1 0-0 17. Nf4 Na4 18. Nfd5 Bxd5 19. Nxd5 Qd4 20. Nc3 Rxc3 0-1

[Event "Alushta op"]
[Site "Alushta"]
[Date "2023.07.06"]
[Round "5"]
[White "Panakhova, Elena"]
[Black "Pogoskin, Roman"]
[Result "1/2-1/2"]
[WhiteElo "1910"]
[BlackElo "1970"]
[PlyCount "39"]
[EventDate "2023.07.02"]
[EventType "swiss"]
[EventRounds "9"]
[EventCountry "UKR"]
[SourceTitle "CBM 215 Extra"]
[Source "ChessBase"]
[SourceDate "2023.09.30"]
[SourceVersion "1"]
[SourceVersionDate "2023.09.30"]
[SourceQuality "1"]

1. e4 e5 2. f4 exf4 3. Nf3 Nf6 4. e5 Nh5 5. d4 d5 6. exd6 Bxd6 7. Be2 g5 8. Nxg5 Qxg5 9. Bxh5 Qxg2 10. Qe2+ Qxe2+ 11. Bxe2 Bh3 12. Nd2 Nc6 13. c3 Be7 14. Nf3 Bd6 15. Ng5 Bg2 16. Rg1 f3 17. Bxf3 Bxf3 18. Nxf3 0-0-0 19. Bg5 Rde8+ 20. Kf2 1/2-1/2

[Event "Alushta op"]
[Site "Alushta"]
[Date "2023.07.03"]
[Round "2"]
[White "Ilin, Artem"]
[Black "Panakhova, Elena"]
[Result "1-0"]
[WhiteElo "1402"]
[BlackElo "1910"]
[PlyCount "101"]
[EventDate "2023.07.02"]
[EventType "swiss"]
[EventRounds "9"]
[EventCountry "UKR"]
[SourceTitle "CBM 215 Extra"]
[Source "ChessBase"]
[SourceDate "2023.09.30"]
[SourceVersion "1"]
[SourceVersionDate "2023.09.30"]
[SourceQuality "1"]

1. d4 d5 2. c4 e6 3. Nc3 c6 4. e3 Nf6 5. Nf3 Nbd7 6. Qc2 Bd6 7. b3 0-0 8. Be2 Qe7 9. 0-0 dxc4 10. Bxc4 e5 11. Be2 exd4 12. Nxd4 Qe5 13. g3 Re8 14. Bb2 Qa5 15. Bf3 Ne5 16. Bg2 h5 17. Rad1 Neg4 18. Nxc6 bxc6 19. Rxd6 h4 20. Ne2 Bf5 21. Qc3 Qxc3 22. Nxc3 hxg3 23. hxg3 Rad8 24. Rfd1 Rxd6 25. Rxd6 c5 26. Bf1 Ne5 27. Be2 Bg4 28. Kg2 c4 29. f3 Be6 30. Nb5 cxb3 31. Bxe5 bxa2 32. Bd4 Rc8 33. Bd3 Nd5 34. Nxa7 Ra8 35. Nc6 Nxe3+ 36. Kf2 Nc4 37. Rd8+ Rxd8 38. Nxd8 Nd2 39. Nxe6 Nb3 40. Bc3 fxe6 41. Be2 a1Q 42. Bxa1 Nxa1 43. Bd1 Kf7 44. Ke3 Kf6 45. Kd4 e5+ 46. Kc3 Kf5 47. Kb2 e4 48. Kxa1 exf3 49. Bxf3 g5 50. Kb2 g4 51. Bg2 1-0

[Event "Alushta op"]
[Site "Alushta"]
[Date "2023.07.02"]
[Round "1"]
[White "Panakhova, Elena"]
[Black "Afanasiev, Nikita"]
[Result "0-1"]
[WhiteElo "1910"]
[BlackElo "2543"]
[PlyCount "48"]
[EventDate "2023.07.02"]
[EventType "swiss"]
[EventRounds "9"]
[EventCountry "UKR"]
[SourceTitle "CBM 215 Extra"]
[Source "ChessBase"]
[SourceDate "2023.09.30"]
[SourceVersion "1"]
[SourceVersionDate "2023.09.30"]
[SourceQuality "1"]

1. e4 g6 2. d4 Bg7 3. Nc3 d6 4. Be3 a6 5. Qd2 Nd7 6. Bc4 e6 7. Nf3 b5 8. Bd3 Bb7 9. a3 c5 10. 0-0 c4 11. Be2 Ngf6 12. d5 exd5 13. exd5 Nb6 14. Qd4 Nbxd5 15. Nxd5 Bxd5 16. Bg5 Be6 17. a4 h6 18. Bc1 0-0 19. axb5 Nd5 20. Qd2 c3 21. Qd3 cxb2 22. Bxb2 Bxb2 23. Rxa6 Rxa6 24. bxa6 Nf4 0-1

[Event "Sevastopol Waltz Blitz"]
[Site "Sevastopol"]
[Date "2023.06.29"]
[Round "1"]
[White "Panakhova, Elena"]
[Black "Saratovskiy, Dmitiy"]
[Result "1/2-1/2"]
[WhiteElo "1910"]
[BlackElo "2035"]
[PlyCount "79"]
[EventDate "2023.06.29"]
[EventType "swiss (blitz)"]
[EventRounds "13"]
[EventCountry "UKR"]
[SourceTitle "CBM 215 Extra"]
[Source "ChessBase"]
[SourceDate "2023.09.30"]
[SourceVersion "1"]
[SourceVersionDate "2023.09.30"]
[SourceQuality "1"]

1. e4 c5 2. Nf3 Nc6 3. d4 cxd4 4. Nxd4 Nf6 5. Nc3 e5 6. Ndb5 d6 7. Bg5 a6 8. Na3 b5 9. Nd5 Be7 10. Bxf6 Bxf6 11. c4 Nd4 12. Nc2 Nxc2+ 13. Qxc2 0-0 14. cxb5 axb5 15. Qc7 Be6 16. Qxd8 Bxd8 17. Bxb5 Rb8 18. a4 Ba5+ 19. b4 Bxd5 20. bxa5 Bxe4 21. f3 Bf5 22. Kd2 Ra8 23. a6 Bc8 24. Rhc1 Bxa6 25. Rab1 Bxb5 26. axb5 Rfc8 27. b6 Rd8 28. b7 Rab8 29. Rc7 Kf8 30. Rbc1 Ke8 31. Kc3 Rd7 32. Rc8+ Rd8 33. Rc7 d5 34. Kb4 d4 35. Kb5 d3 36. Kb6 d2 37. Rd1 Kf8 38. Rc2 Rd7 39. Rc8+ Rd8 40. Rc2 1/2-1/2

[Event "Sevastopol Waltz Rapid"]
[Site "Sevastopol"]
[Date "2023.06.28"]
[Round "9"]
[White "Khvorost, Ivan Vit"]
[Black "Panakhova, Elena"]
[Result "1-0"]
[WhiteElo "1358"]
[BlackElo "1910"]
[PlyCount "119"]
[EventDate "2023.06.26"]
[EventType "swiss (rapid)"]
[EventRounds "11"]
[EventCountry "UKR"]
[SourceTitle "CBM 215 Extra"]
[Source "ChessBase"]
[SourceDate "2023.09.30"]
[SourceVersion "1"]
[SourceVersionDate "2023.09.30"]
[SourceQuality "1"]

1. d4 d5 2. Nf3 Nf6 3. e3 Bg4 4. Bd3 c6 5. h3 Bh5 6. 0-0 Nbd7 7. Nbd2 Bg6 8. Bxg6 hxg6 9. b3 e6 10. Bb2 Bd6 11. c4 Qe7 12. c5 Bc7 13. b4 e5 14. dxe5 Nxe5 15. Nxe5 Bxe5 16. Bxe5 Qxe5 17. Nf3 Qe7 18. Nd4 0-0 19. Qc2 Nd7 20. Rfc1 Rfc8 21. Qb3 Nf8 22. Qc3 Ne6 23. a4 a6 24. Nxe6 fxe6 25. Qd3 Qf6 26. Ra3 Rf8 27. Rf1 Qf5 28. Qb3 Rf7 29. b5 Qe4 30. bxc6 bxc6 31. Qb6 Raf8 32. Raa1 d4 33. Qb4 e5 34. Rad1 Rd8 35. Qb6 Rdf8 36. exd4 exd4 37. Qxa6 Qc2 38. Qd3 Qxc5 39. Qxd4 Qxd4 40. Rxd4 Rf4 41. Rxf4 Rxf4 42. Ra1 Rf7 43. a5 Ra7 44. Kf1 Kf7 45. Ke2 Ke6 46. Kd3 Kd5 47. f3 c5 48. Ra4 Ra6 49. f4 Kc6 50. Kc4 Kd6 51. Kb5 Ra8 52. a6 Kd5 53. a7 c4 54. Kb6 c3 55. Kb7 c2 56. Ra1 Rf8 57. a8Q Rxa8 58. Kxa8 Kd4 59. g4 Kd3 60. h4 1-0

[Event "Sevastopol Waltz Rapid"]
[Site "Sevastopol"]
[Date "2023.06.28"]
[Round "11"]
[White "Prober, Egor"]
[Black "Panakhova, Elena"]
[Result "0-1"]
[WhiteElo "1062"]
[BlackElo "1910"]
[PlyCount "144"]
[EventDate "2023.06.26"]
[EventType "swiss (rapid)"]
[EventRounds "11"]
[EventCountry "UKR"]
[SourceTitle "CBM 215 Extra"]
[Source "ChessBase"]
[SourceDate "2023.09.30"]
[SourceVersion "1"]
[SourceVersionDate "2023.09.30"]
[SourceQuality "1"]

1. e4 c5 2. Nf3 d6 3. d4 cxd4 4. Nxd4 Nf6 5. Nc3 a6 6. Bg5 e6 7. f4 Qb6 8. Rb1 Nc6 9. Nxc6 bxc6 10. e5 h6 11. Bxf6 gxf6 12. exf6 Qe3+ 13. Ne2 h5 14. Qd2 Qxd2+ 15. Kxd2 Rh6 16. Ng3 h4 17. Ne4 d5 18. Ng5 Rxf6 19. g3 Rh6 20. Bg2 Be7 21. Nf3 Bd7 22. Rbe1 0-0-0 23. Ne5 Be8 24. f5 Bg5+ 25. Kd3 c5 26. fxe6 fxe6 27. Bh3 c4+ 28. Kc3 Kc7 29. Bg4 hxg3 30. hxg3 Rxh1 31. Rxh1 Bf6 32. Kd4 Kd6 33. Re1 Ba4 34. b3 cxb3 35. axb3 Rg8 36. Bd1 Be8 37. c4 Rg5 38. c5+ Ke7 39. g4 a5 40. Bf3 Bg6 41. Re2 Be4 42. Bxe4 Bxe5+ 43. Kd3 dxe4+ 44. Rxe4 Bc7 45. Kc4 Kf6 46. Kb5 Bd8 47. Rd4 Ke7 48. Kc6 Rg6 49. Rd7+ Ke8 50. Rh7 Bf6 51. Kd6 e5 52. c6 Bg7+ 53. Kd5 Kd8 54. Ke4 Rxg4+ 55. Kf5 Rg3 56. Ke6 Kc7 57. Kd5 Rg6 58. Rh5 Rxc6 59. Rf5 Rg6 60. Rf7+ Kd8 61. Ra7 Rg5 62. Ke4 Rg4+ 63. Kd5 e4 64. Rxa5 Rg5+ 65. Kxe4 Rxa5 66. Kd3 Kc7 67. Kc4 Kb6 68. b4 Rb5 69. Kb3 Bf8 70. Kc4 Rxb4+ 71. Kc3 Kc5 72. Kd3 Rc4 0-1

[Event "Sevastopol Waltz Rapid"]
[Site "Sevastopol"]
[Date "2023.06.27"]
[Round "5"]
[White "Tomilova, Elena"]
[Black "Panakhova, Elena"]
[Result "1-0"]
[WhiteElo "2209"]
[BlackElo "1910"]
[PlyCount "85"]
[EventDate "2023.06.26"]
[EventType "swiss (rapid)"]
[EventRounds "11"]
[EventCountry "UKR"]
[SourceTitle "CBM 215 Extra"]
[Source "ChessBase"]
[SourceDate "2023.09.30"]
[SourceVersion "1"]
[SourceVersionDate "2023.09.30"]
[SourceQuality "1"]

1. c4 e6 2. Nf3 d5 3. b3 c6 4. Bb2 Nf6 5. g3 Nbd7 6. Bg2 Bd6 7. Nc3 e5 8. cxd5 cxd5 9. Nb5 Bb8 10. Nh4 a6 11. Nc3 d4 12. Ne4 Nxe4 13. Bxe4 Nf6 14. Bg2 e4 15. f4 0-0 16. 0-0 Re8 17. d3 Ba7 18. Kh1 Ng4 19. dxe4 Ne3 20. Qd3 Nxf1 21. Rxf1 Bd7 22. a4 Qb6 23. Nf3 Bxa4 24. Nxd4 Red8 25. Qc4 Bb5 26. Nxb5 axb5 27. Qc3 Qd4 28. Qc1 Qd2 29. Qxd2 Rxd2 30. Bc3 Rc2 31. Be5 f6 32. Bd6 Rac8 33. e5 Rxe2 34. Bf3 Rd2 35. Bb4 Rb2 36. Rd1 Be3 37. Ba3 Ra2 38. Bb4 Rc1 39. Rxc1 Bxc1 40. e6 f5 41. Bd5 Re2 42. e7+ Kh8 43. Bf7 1-0

[Event "Gelendzhik Rapid op"]
[Site "Gelendzhik"]
[Date "2023.05.28"]
[Round "4"]
[White "Panakhova, Elena"]
[Black "Glyants, Mark"]
[Result "0-1"]
[WhiteElo "1910"]
[BlackElo "1616"]
[PlyCount "50"]
[EventDate "2023.05.27"]
[EventType "swiss (rapid)"]
[EventRounds "11"]
[EventCountry "RUS"]
[SourceTitle "CBM 214 Extra"]
[Source "ChessBase"]
[SourceDate "2023.07.31"]
[SourceVersion "1"]
[SourceVersionDate "2023.07.31"]
[SourceQuality "1"]

1. e4 c6 2. d4 d5 3. Nc3 dxe4 4. Nxe4 Nd7 5. Nf3 Ngf6 6. Neg5 e6 7. Bd3 Be7 8. Qe2 0-0 9. Nxf7 Rxf7 10. Ng5 Nb6 11. Nxf7 Kxf7 12. Bd2 Nbd5 13. 0-0-0 Nb4 14. Bc4 b5 15. Bb3 a5 16. Rde1 Nbd5 17. a4 Qb6 18. Bxd5 Nxd5 19. Qh5+ Kg8 20. Qe8+ Bf8 21. Rxe6 Bxe6 22. Qxa8 Bf5 23. Bxa5 Qxd4 24. Qxc6 Nf4 25. Qxb5 Qxf2 0-1

[Event "Sevastopol Waltz op"]
[Site "Sevastopol"]
[Date "2022.08.08"]
[Round "8"]
[White "Panakhova, Elena"]
[Black "Ivanov, Maxim1111"]
[Result "0-1"]
[WhiteElo "1925"]
[BlackElo "1704"]
[PlyCount "100"]
[EventDate "2022.08.01"]
[EventType "swiss"]
[EventRounds "9"]
[EventCountry "UKR"]
[SourceTitle "EXT 2023"]
[Source "ChessBase"]
[SourceDate "2022.10.05"]
[SourceVersion "1"]
[SourceVersionDate "2022.10.05"]
[SourceQuality "1"]

1. e4 e5 2. Nf3 Nc6 3. Bc4 Nf6 4. d3 Bc5 5. c3 d6 6. h3 h6 7. Nbd2 0-0 8. 0-0 a6 9. Bb3 Ba7 10. Re1 Ne7 11. d4 Ng6 12. Nf1 b5 13. a4 Bb7 14. Ng3 c5 15. d5 Qd7 16. Bc2 Qc7 17. Nf5 Bc8 18. N3h4 Qd8 19. axb5 axb5 20. g3 Nxh4 21. Nxh4 Bxh3 22. Be3 Ng4 23. Bd2 c4 24. Re2 Bc5 25. Nf5 Qb6 26. Be1 g6 27. Ne7+ Kg7 28. Rb1 Nf6 29. b4 cxb3 30. Rxb3 Bg4 31. Kg2 Bxe2 32. Qxe2 Ra2 33. Qd3 Ng4 34. Bb1 Nxf2 35. Qxb5 Qxb5 36. Rxb5 Rfa8 37. Bxa2 Rxa2 38. Kf3 Nd3 39. Rb1 Nxe1+ 40. Rxe1 Rc2 41. Ra1 h5 42. g4 Rxc3+ 43. Kg2 hxg4 44. Ra8 Re3 45. Rb8 Rxe4 46. Kg3 f5 47. Nc6 Re3+ 48. Kg2 f4 49. Nd8 Rg3+ 50. Kh2 Rh3+ 0-1

[Event "Sevastopol Waltz op"]
[Site "Sevastopol"]
[Date "2022.08.05"]
[Round "5"]
[White "Zhurov, Sergey"]
[Black "Panakhova, Elena"]
[Result "1-0"]
[WhiteElo "2254"]
[BlackElo "1925"]
[PlyCount "35"]
[EventDate "2022.08.01"]
[EventType "swiss"]
[EventRounds "9"]
[EventCountry "UKR"]
[SourceTitle "EXT 2023"]
[Source "ChessBase"]
[SourceDate "2022.10.05"]
[SourceVersion "1"]
[SourceVersionDate "2022.10.05"]
[SourceQuality "1"]

1. e4 c5 2. Nf3 d6 3. d4 cxd4 4. Nxd4 Nf6 5. Nc3 a6 6. Bg5 Qb6 7. Bxf6 gxf6 8. Nd5 Qd8 9. Qf3 Bg7 10. Nf5 Bxf5 11. exf5 Nc6 12. 0-0-0 Qa5 13. Kb1 0-0-0 14. Bc4 Qc5 15. Bb3 Kb8 16. Rhe1 e6 17. Ne3 d5 18. Qg3+ 1-0

[Event "Yalta Yialos Rapid"]
[Site "Yalta"]
[Date "2022.08.02"]
[Round "5"]
[White "Krovkin, Grigoriy"]
[Black "Panakhova, Elena"]
[Result "1-0"]
[WhiteElo "1750"]
[BlackElo "1910"]
[PlyCount "129"]
[EventDate "2022.08.01"]
[EventType "swiss (rapid)"]
[EventRounds "11"]
[EventCountry "UKR"]
[SourceTitle "EXT 2023"]
[Source "ChessBase"]
[SourceDate "2022.10.05"]
[SourceVersion "1"]
[SourceVersionDate "2022.10.05"]
[SourceQuality "1"]

1. d4 d5 2. Nf3 Nf6 3. c4 e6 4. Nc3 c6 5. Bf4 dxc4 6. a4 Bb4 7. e3 Nd5 8. Qd2 Qa5 9. Rc1 Bxc3 10. bxc3 Qxa4 11. Bd6 Nd7 12. e4 N5f6 13. Qe3 Nb6 14. Be2 Bd7 15. Ne5 Nc8 16. Nxd7 Nxd7 17. Bg3 0-0 18. 0-0 c5 19. d5 exd5 20. exd5 Nf6 21. Qxc5 Nb6 22. d6 Qd7 23. Bf3 h6 24. Qd4 Qf5 25. Bxb7 Rad8 26. Rfd1 Nh5 27. Be4 Qe6 28. Re1 Qd7 29. Bh4 g5 30. Bf3 Nf4 31. Bg3 Qxd6 32. Qe4 Rfe8 33. Qf5 Qg6 34. Qb5 Rxe1+ 35. Rxe1 Ne6 36. h4 f5 37. hxg5 f4 38. Bg4 Nc7 39. Qc5 fxg3 40. Qxc7 gxf2+ 41. Kxf2 Qxg5 42. Be6+ Kh8 43. Kg1 Re8 44. Qf7 Qc5+ 45. Kh1 Qe7 46. Qh5 Qf8 47. Qe5+ Qg7 48. Qh5 Rf8 49. Bf5 Qg5 50. Qxg5 hxg5 51. g4 Nd5 52. Ra1 Ne3 53. Be4 Nf1 54. Bg6 Rg8 55. Bf7 Ra8 56. Rxf1 Kg7 57. Bxc4 a5 58. Ra1 Kf6 59. Ra4 Ke5 60. Kg2 Rb8 61. Rxa5+ Kf4 62. Be2 Rb2 63. Kf2 Rc2 64. Rf5+ Ke4 65. c4 1-0

[Event "Alushta op"]
[Site "Alushta"]
[Date "2022.07.11"]
[Round "6"]
[White "Gochelashvili, David"]
[Black "Panakhova, Elena"]
[Result "1-0"]
[WhiteElo "2324"]
[BlackElo "1925"]
[PlyCount "86"]
[EventDate "2022.07.06"]
[EventType "swiss"]
[EventRounds "9"]
[EventCountry "UKR"]
[SourceTitle "EXT 2023"]
[Source "ChessBase"]
[SourceDate "2022.10.05"]
[SourceVersion "1"]
[SourceVersionDate "2022.10.05"]
[SourceQuality "1"]

1. e4 c5 2. Nf3 d6 3. Bb5+ Bd7 4. Bxd7+ Qxd7 5. 0-0 Nf6 6. Qe2 e6 7. c3 Be7 8. d4 cxd4 9. cxd4 0-0 10. Nc3 Nc6 11. h3 Rac8 12. Rd1 Rfd8 13. Bf4 Qe8 14. d5 Nb8 15. dxe6 fxe6 16. Nb5 e5 17. Be3 Rc6 18. Nxa7 Ra6 19. Nb5 Rc8 20. Rac1 Rac6 21. Rxc6 Rxc6 22. Nc3 h6 23. Qb5 Qc8 24. Nh4 Kh7 25. Nf5 Bf8 26. f3 Na6 27. Bf2 Nc7 28. Qb3 Ne6 29. Bh4 Nc5 30. Qb5 Ncd7 31. Kh2 Rb6 32. Qe2 Rc6 33. Rd2 Nb6 34. Bxf6 gxf6 35. Nd5 Nxd5 36. Rxd5 Rc2 37. Rd2 Rc6 38. Qd3 Qe6 39. Qb5 Qc8 40. Qb3 Qd7 41. Rd5 Rc5 42. Ne3 Rc1 43. Rb5 Qc8 1-0

[Event "Alushta op"]
[Site "Alushta"]
[Date "2022.07.09"]
[Round "4"]
[White "Panakhova, Elena"]
[Black "Hasangatin, Ramil"]
[Result "0-1"]
[WhiteElo "1925"]
[BlackElo "2465"]
[PlyCount "45"]
[EventDate "2022.07.06"]
[EventType "swiss"]
[EventRounds "9"]
[EventCountry "UKR"]
[SourceTitle "EXT 2023"]
[Source "ChessBase"]
[SourceDate "2022.10.05"]
[SourceVersion "1"]
[SourceVersionDate "2022.10.05"]
[SourceQuality "1"]

1. e4 c5 2. Nf3 Nc6 3. d3 g6 4. g3 Bg7 5. Bg2 e5 6. 0-0 Nge7 7. Be3 d6 8. Qd2 0-0 9. h3 f5 10. Nc3 Nd4 11. Nh4 f4 12. Bxd4 cxd4 13. Nd5 Nxd5 14. exd5 g5 15. Nf3 h5 16. Ne1 g4 17. Be4 gxh3 18. Nf3 Bg4 19. Kh2 Bh6 20. Qb4 Qc7 21. c3 Rf6 22. cxd4 fxg3+ 23. Kxg3 0-1

[Event "Alushta Rapid op"]
[Site "Alushta"]
[Date "2022.07.05"]
[Round "11"]
[White "Vastrukhin, Oleg"]
[Black "Panakhova, Elena"]
[Result "1-0"]
[WhiteElo "2367"]
[BlackElo "1925"]
[PlyCount "51"]
[EventDate "2022.07.03"]
[EventType "swiss (rapid)"]
[EventRounds "11"]
[EventCountry "UKR"]
[SourceTitle "CBM 209 Extra"]
[Source "ChessBase"]
[SourceDate "2022.09.30"]
[SourceVersion "1"]
[SourceVersionDate "2022.09.30"]
[SourceQuality "1"]

1. Nf3 d5 2. g3 c6 3. Bg2 Bf5 4. 0-0 e6 5. c4 Nd7 6. cxd5 exd5 7. Nc3 Ngf6 8. d3 Be7 9. Re1 0-0 10. e4 dxe4 11. dxe4 Be6 12. Qc2 Qa5 13. h3 Rfd8 14. Bd2 Qc7 15. Bf4 Qa5 16. Ng5 Nf8 17. a3 Rd7 18. b4 Qd8 19. Be3 Bc4 20. Rad1 Bd3 21. Qa2 Qe8 22. e5 Nh5 23. g4 Bxg5 24. Bxg5 Ne6 25. Qd2 h6 26. Be3 1-0

[Event "UKR-chT 17th"]
[Site "Alushta"]
[Date "2010.05.15"]
[Round "4.6"]
[White "Shmat, Sergey"]
[Black "Panakhova, Elena"]
[Result "1/2-1/2"]
[WhiteElo "2097"]
[BlackElo "2023"]
[PlyCount "134"]
[EventDate "2010.05.13"]
[EventType "team-tourn"]
[EventRounds "11"]
[EventCountry "UKR"]
[SourceTitle "EXT 2019"]
[Source "ChessBase"]
[SourceDate "2018.10.10"]
[SourceVersion "1"]
[SourceVersionDate "2018.10.10"]
[SourceQuality "1"]
[WhiteTeam "Nikopol Nika-NZF"]
[BlackTeam "Simferopol Tavriya"]
[WhiteTeamCountry "UKR"]
[BlackTeamCountry "UKR"]

1. d4 Nf6 2. c4 d6 3. Nc3 Nbd7 4. e4 e5 5. Nf3 c6 6. Be2 Be7 7. 0-0 0-0 8. Rb1 g6 9. b4 Nh5 10. b5 Ng7 11. Ba3 f5 12. dxe5 dxe5 13. Bd6 Bxd6 14. Qxd6 Rf6 15. Qa3 Qf8 16. Qxf8+ Kxf8 17. Ng5 Kg8 18. Rfd1 h6 19. Nf3 Ne6 20. bxc6 bxc6 21. Rd6 Nd4 22. Rxf6 Nxf3+ 23. Bxf3 Nxf6 24. exf5 Bxf5 25. Re1 e4 26. Nxe4 Bxe4 27. Bxe4 Nxe4 28. Rxe4 Rb8 29. g3 Kf7 30. Re5 Rb4 31. Rc5 Rb6 32. Ra5 Rb4 33. Rc5 Ra4 34. Rxc6 Rxa2 35. c5 Rc2 36. Rc7+ Kf6 37. Rxa7 Rxc5 38. Ra6+ Kg7 39. Kg2 h5 40. h3 Rc4 41. Re6 Ra4 42. Kf3 Ra2 43. Re4 Rb2 44. Re2 Rb3+ 45. Kg2 Ra3 46. g4 hxg4 47. hxg4 Rb3 48. f4 Rb7 49. Kf3 Ra7 50. Kg3 Rb7 51. Kh4 Ra7 52. Kg5 Ra5+ 53. Re5 Ra7 54. Rc5 Rb7 55. Rc6 Rb5+ 56. f5 gxf5 57. Rc7+ Kg8 58. gxf5 Rb6 59. Kf4 Kf8 60. Rd7 Ra6 61. Ke5 Rb6 62. Kf4 Ra6 63. Kg5 Rb6 64. Rh7 Ra6 65. Rb7 Rc6 66. f6 Rc1 67. Kg6 Rg1+ 1/2-1/2

[Event "UKR-chT 17th"]
[Site "Alushta"]
[Date "2010.05.14"]
[Round "3.5"]
[White "Panakhova, Elena"]
[Black "Kislinsky, Alexey"]
[Result "0-1"]
[WhiteElo "2023"]
[BlackElo "2472"]
[PlyCount "92"]
[EventDate "2010.05.13"]
[EventType "team-tourn"]
[EventRounds "11"]
[EventCountry "UKR"]
[SourceTitle "EXT 2019"]
[Source "ChessBase"]
[SourceDate "2018.10.10"]
[SourceVersion "1"]
[SourceVersionDate "2018.10.10"]
[SourceQuality "1"]
[WhiteTeam "Simferopol Tavriya"]
[BlackTeam "Tschernihiw"]
[WhiteTeamCountry "UKR"]
[BlackTeamCountry "UKR"]

1. Nf3 g6 2. d4 Bg7 3. Bg5 c6 4. e3 f5 5. h3 Nh6 6. Nbd2 Nf7 7. Bf4 0-0 8. Bc4 d5 9. Bd3 Nd7 10. Ng5 Nxg5 11. Bxg5 h6 12. Bh4 g5 13. Bg3 e5 14. dxe5 Nxe5 15. Bxe5 Bxe5 16. c3 b5 17. Nf3 Bg7 18. Nd4 Qf6 19. a4 f4 20. 0-0 bxa4 21. Bc2 Ba6 22. exf4 Bxf1 23. Qxf1 gxf4 24. Rxa4 Rf7 25. Ra6 f3 26. Nxf3 Rb8 27. Ba4 Rb6 28. Rxb6 axb6 29. Qa6 b5 30. Bc2 Bf8 31. Qc8 Qf4 32. Bd3 Qf6 33. Qg4+ Rg7 34. Qh5 Qf7 35. Qe5 Qe7 36. Qd4 Qe6 37. Kh2 Be7 38. g3 c5 39. Qf4 Rf7 40. Qb8+ Rf8 41. Qe5 Qxe5 42. Nxe5 Rxf2+ 43. Kg1 Rxb2 44. Ng4 Kg7 45. Ne3 c4 46. Bf5 Bc5 0-1